000 00582nam a2200217Ia 4500
003 OSt
005 20221007074148.0
006 a|||||r|||| 00| 0
007 ta
008 221006b |||||||| |||| 00| 0 eng d
024 _a25,843
037 _cReports / Technical Reports
040 _aFLL
_cFLL
_beng
041 _2eng
_aeng
082 _aX:9:Z2, G5
245 0 _aFactories act 1934
260 _aMadras
_bThe Madras Law Journal Office India
_c1935
300 _a294p
_ccm.
942 _hX:9:Z2, G5
_cREP
_2CC
999 _c1151388
_d1151388